00491 2200169 4500245010500000020001800105250001100123100001900134700002500153650001900178005001900197260003900216041001400255084001000269300003300279336000900312 aBenarkah Engkau Mencintainya b : Filosofi Patah Hati dan Pacaran yang SejaticM. Nurul BananhText a602-8995-38-x aCet. 1 aM. Nurul Banan aJajang Husni Hidayat aMotivasi Islam a20241018124131 aYogyakartabPustaka Pesantenc2012 aIndonesia a297.5 a190 halaman :b12 x 18 cm. ; atext